| 000 | 00505nam a2200217 454500 | ||
|---|---|---|---|
| 001 | 062732 | ||
| 003 | BD-ChCU | ||
| 008 | Eng | ||
| 020 | _a9843000000783 | ||
| 040 |
_aDLC _cDLC _dBD-ChCU |
||
| 082 | 0 | 0 | _a519.57/B575f |
| 100 | 1 |
_aBhuiyan,M.R. _bx |
|
| 245 | 1 | 0 |
_aFundamentals of experimental design _bx |
| 250 | _a2ed. | ||
| 260 |
_aDhaka _bBook World _c2007 |
||
| 300 | _a472 | ||
| 504 | _a | ||
| 650 | 0 |
_aExperimental design _bStatistical mathematics |
|
| 700 | 1 | _ax | |
| 942 |
_2ddc _cBK |
||
| 999 |
_c62732 _d62732 |
||